កូនធ្មប់ បៃតង / (Record no. 1626)
[ view plain ]
| 000 -LEADER | |
|---|---|
| fixed length control field | 02541nam a22003017a 4500 |
| 001 - CONTROL NUMBER | |
| control field | 1626 |
| 003 - CONTROL NUMBER IDENTIFIER | |
| control field | FISKH |
| 005 - DATE AND TIME OF LATEST TRANSACTION | |
| control field | 20230911154642.0 |
| 008 - FIXED-LENGTH DATA ELEMENTS--GENERAL INFORMATION | |
| fixed length control field | 230911b cb ||||| |||| 00| 0 khr d |
| 020 ## - INTERNATIONAL STANDARD BOOK NUMBER | |
| International Standard Book Number | 9789924341345 |
| 040 ## - CATALOGING SOURCE | |
| Original cataloging agency | FISKH |
| Language of cataloging | eng |
| Transcribing agency | FISKH |
| Modifying agency | FISKH |
| 082 ## - DEWEY DECIMAL CLASSIFICATION NUMBER | |
| Classification number | 299.94 |
| 100 ## - MAIN ENTRY--PERSONAL NAME | |
| Personal name | Desplechin, Marie |
| 245 ## - TITLE STATEMENT | |
| Title | កូនធ្មប់ បៃតង / |
| Statement of responsibility, etc. | បកប្រែពីភាសាបារាំដោយ ព្រុំ គន្ធារ៉ូ - រូបភាពក្របដោយ សេង វិសុទ្ធ |
| 260 ## - PUBLICATION, DISTRIBUTION, ETC. | |
| Place of publication, distribution, etc. | Paris : |
| Name of publisher, distributor, etc. | Sipar, |
| Date of publication, distribution, etc. | 2021. |
| 300 ## - PHYSICAL DESCRIPTION | |
| Extent | 130 pages : |
| Other physical details | illustrations ; |
| Dimensions | 19 cm |
| 490 ## - SERIES STATEMENT | |
| Series statement | អក្សសិល្ប៍យុវវ័យ |
| 505 ## - FORMATTED CONTENTS NOTE | |
| Formatted contents note | Z'<br/> |
| 520 ## - SUMMARY, ETC. | |
| Summary, etc. | អាយុ១១ឆ្នាំទៅហើយ បៃតងជាក្មេងស្រីំម្នាក់ដែលគ្មានបង្ហាញសញ្ញាណជាធ្មប់អ្វីទេ។ កាន់តែយ៉ាប់ជាងនេះទៅទៀត នាងមិនចង់ក្លាយជាធ្មប់ទាល់តែសោះ គឺនាងចង់ធ្វើជាក្មេងស្រីធ្ម្មតា ហើយរៀបការពេលធំឡើង។ ម្ដាយរបស់បៃតងឈ្មោះអៀស៊ីល ជាមនុស្សចចេសណាស់។ គាត់សម្រេចឳ្យនាងទៅរៀនអ្វីជាធ្មប់ ពីម្ដាយគាត់ ឈ្មោះអាណាស្តាបុត។ ជាលទ្ធផល បៃតងបានក្លាយដូចអ្វីដែលម្ដាយនាងចង់បាន តែវាក៏ជ្រុលបន្តិចដែរ។ |
| 520 ## - SUMMARY, ETC. | |
| Summary, etc. | At the age of 11, Baitong is a young girl who shows no signs of being a witch. Worse, she did not want to be a witch at all, she wanted to be a normal girl and get married when she grew up. Baitong's mother, Easil, is a very stubborn person. She decides to send her to learn witchcraft from her mother, Anna Stabut. As a result, the Baitong turned out to be what her mother wanted, but it was a bit too much. |
| 521 8# - TARGET AUDIENCE NOTE | |
| Target audience note | 920<br/> |
| Source | Lexile estimate<br/> |
| 521 8# - TARGET AUDIENCE NOTE | |
| Target audience note | Z'<br/> |
| Source | Raz-Plus<br/> |
| 650 ## - SUBJECT ADDED ENTRY--TOPICAL TERM | |
| Topical term or geographic name entry element | ធម្មតា |
| Form subdivision | សញ្ញា |
| General subdivision | វិជ្ជាធ្មប់ |
| Chronological subdivision | ធ្មប់ |
| 650 ## - SUBJECT ADDED ENTRY--TOPICAL TERM | |
| Topical term or geographic name entry element | Normal |
| Form subdivision | Sign |
| General subdivision | Witchcraft |
| Chronological subdivision | Witch |
| 700 ## - ADDED ENTRY--PERSONAL NAME | |
| Personal name | Kunthearo, Prum |
| Dates associated with a name | Translator |
| 700 ## - ADDED ENTRY--PERSONAL NAME | |
| Personal name | Visoth, Seng |
| Relator term | illustrator |
| 942 ## - ADDED ENTRY ELEMENTS (KOHA) | |
| Source of classification or shelving scheme | Dewey Decimal Classification |
| Koha item type | Khmer Books |
| Suppress in OPAC | No |
| Withdrawn status | Lost status | Source of classification or shelving scheme | Damaged status | Not for loan | Collection | Home library | Current library | Shelving location | Date acquired | Total Checkouts | Full call number | Barcode | Date due | Date last seen | Date last checked out | Copy number | Price effective from | Koha item type |
|---|---|---|---|---|---|---|---|---|---|---|---|---|---|---|---|---|---|---|
| Dewey Decimal Classification | Khmer Language Books / សៀវភៅភាសាខ្មែរ | Footprints International School Library Network Toul Kork Campus | Footprints International School Library Network Toul Kork Campus | TK Campus, Room B402, Khmer Book Case 16, Shelves 112-123 / ទូរសៀវភៅខ្មែរលេខ ១៦ ធ្នើរ ១១២ ដល់ ១២៣ បន្ទប់ B402 សាខាទួលគោក | 09/11/2023 | 1 | Des 299.94 | 2023-0568 | 04/15/2026 | 04/01/2026 | 04/01/2026 | 1 | 09/11/2023 | Khmer Books | ||||
| Dewey Decimal Classification | Khmer Language Books / សៀវភៅភាសាខ្មែរ | Footprints International School Library Network Toul Kork Campus | Footprints International School Library Network Toul Kork Campus | TK Campus, Room B402, Khmer Book Case 16, Shelves 112-123 / ទូរសៀវភៅខ្មែរលេខ ១៦ ធ្នើរ ១១២ ដល់ ១២៣ បន្ទប់ B402 សាខាទួលគោក | 09/11/2023 | Des 299.94 | 2023-0569 | 09/11/2023 | 2 | 09/11/2023 | Khmer Books |
